Developments in agriculutre : (Record no. 147405)

MARC details
000 -LEADER
fixed length control field 00683nam a22001937a 4500
005 - DATE AND TIME OF LATEST TRANSACTION
control field 20171114121910.0
010 ## - LCCN (DPL NO)
LC control number ENG-121394
020 ## - INTERNATIONAL STANDARD BOOK NUMBER
International Standard Book Number 9788184246940
Terms of availability 595.00
035 ## - SYSTEM CONTROL NUMBER
System control number EN-104926
037 ## - SOURCE OF ACQUISITION
Source of stock number/acquisition DBAD/PUB
082 ## - DEWEY DECIMAL CLASSIFICATION NUMBER
Classification number 338.1095475
100 ## - MAIN ENTRY--PERSONAL NAME
Personal name Mehta, Niti
245 ## - TITLE STATEMENT
Title Developments in agriculutre :
Remainder of title a comparative analysis of the growth components across two states /
Statement of responsibility, etc by Niti Mehta
260 ## - PUBLICATION, DISTRIBUTION, ETC. (IMPRINT)
Place of publication, distribution, etc New Delhi
Name of publisher, distributor, etc Allied Publishers Private
Date of publication, distribution, etc 2011
270 ## - ADDRESS
Address 1/13-14 Asaf Ali Road ,
City New Delhi
Postal code 110002
300 ## - PHYSICAL DESCRIPTION
Extent viii,194 p. :
Dimensions 26 cm (Hb)
Other physical details ill.
500 ## - GENERAL NOTE
General note Includes biblilgraphical references and index.
942 ## - ADDED ENTRY ELEMENTS (KOHA)
Source of classification or shelving scheme Dewey Decimal Classification
Item type English Books
Classification part 338.1095475
Call number suffix MEH
Holdings
Withdrawn status Lost status Not for loan Collection code Home library Current library Date acquired Source of acquisition Cost, normal purchase price Full call number Barcode Copy number Cost, replacement price Koha item type
    Not For Loan Non-fiction D.B.Act.Division Bawana 14/11/2017 DBAD/PUB 595.00 338.1095475 MEH EN-104926 1 595.00 English Books

© Delhi Public Library
Hit Counter
free hit counter